Sources of Indian traditions, Vol.-2 / (Record no. 24965)

MARC details
000 -LEADER
fixed length control field 01349cam a2200385 a 4500
001 - CONTROL NUMBER
control field 16976787
003 - CONTROL NUMBER IDENTIFIER
control field BDDh-ASL
005 - DATE AND TIME OF LATEST TRANSACTION
control field 20231015030430.0
008 - FIXED-LENGTH DATA ELEMENTS--GENERAL INFORMATION
fixed length control field 110926m20149999nyub b 001 0 eng
010 ## - LIBRARY OF CONGRESS CONTROL NUMBER
LC control number 2011038816
020 ## - INTERNATIONAL STANDARD BOOK NUMBER
International Standard Book Number 9780231138307 (v. 2 : cloth : alk. paper)
020 ## - INTERNATIONAL STANDARD BOOK NUMBER
International Standard Book Number 9780231510929 (electronic)
040 ## - CATALOGING SOURCE
Original cataloging agency DLC
Transcribing agency DLC
Modifying agency DLC
-- BDDh-ASL
042 ## - AUTHENTICATION CODE
Authentication code pcc
043 ## - GEOGRAPHIC AREA CODE
Geographic area code a-ii---
-- a-pk---
-- a-bg---
050 00 - LIBRARY OF CONGRESS CALL NUMBER
Classification number DS423
Item number .S64 2014
082 00 - DEWEY DECIMAL CLASSIFICATION NUMBER
Classification number 954
Edition number 23
Item number SOU
245 00 - TITLE STATEMENT
Title Sources of Indian traditions, Vol.-2 /
Statement of responsibility, etc. edited by Rachel Fell McDermott ... [et al.].
250 ## - EDITION STATEMENT
Edition statement 3rd ed.
260 ## - PUBLICATION, DISTRIBUTION, ETC.
Place of publication, distribution, etc. New York :
Name of publisher, distributor, etc. Columbia University Press,
Date of publication, distribution, etc. 2014.
300 ## - PHYSICAL DESCRIPTION
Extent v. < -2 > :
Other physical details maps ;
Dimensions 25 cm.
490 0# - SERIES STATEMENT
Series statement Introduction to Asian civilizations
504 ## - BIBLIOGRAPHY, ETC. NOTE
Bibliography, etc. note Includes bibliographical references and index.
505 0# - FORMATTED CONTENTS NOTE
Formatted contents note -- v. 2. Modern India, Pakistan, and Bangladesh.
651 #0 - SUBJECT ADDED ENTRY--GEOGRAPHIC NAME
Geographic name India
General subdivision Civilization
Form subdivision Sources.
651 #0 - SUBJECT ADDED ENTRY--GEOGRAPHIC NAME
Geographic name Pakistan
General subdivision Civilization
Form subdivision Sources.
651 #0 - SUBJECT ADDED ENTRY--GEOGRAPHIC NAME
Geographic name Bangladesh
General subdivision Civilization
Form subdivision Sources.
651 #0 - SUBJECT ADDED ENTRY--GEOGRAPHIC NAME
Geographic name India
General subdivision History
Form subdivision Sources.
651 #0 - SUBJECT ADDED ENTRY--GEOGRAPHIC NAME
Geographic name Pakistan
General subdivision History
Form subdivision Sources.
651 #0 - SUBJECT ADDED ENTRY--GEOGRAPHIC NAME
Geographic name Bangladesh
General subdivision History
Form subdivision Sources.
700 1# - ADDED ENTRY--PERSONAL NAME
Personal name McDermott, Rachel Fell.
906 ## - LOCAL DATA ELEMENT F, LDF (RLIN)
a 7
b cbc
c orignew
d 1
e ecip
f 20
g y-gencatlg
942 ## - ADDED ENTRY ELEMENTS (KOHA)
Source of classification or shelving scheme Dewey Decimal Classification
Koha item type Books
Holdings
Withdrawn status Lost status Source of classification or shelving scheme Damaged status Not for loan Collection code Home library Current library Shelving location Date acquired Source of acquisition Total Checkouts Full call number Barcode Date last seen Copy number Price effective from Koha item type
    Dewey Decimal Classification     Non-fiction Asiatic Society Library Asiatic Society Library General Stacks 06/18/2021 Complimentary   954 SOU 109630 06/18/2021 C-1 06/18/2021 Books

Powered by Koha